000 00668nam a2200205Ia 4500
003 GCL
008 140319s9999 xx 000 0 ara d
020 _a2272287977
040 _aGCL /
_cGCL
082 0 4 _a070.44
_bم ا
100 1 _aمحمد شومان
245 1 0 _aالاعلام والازمات :
_bمدخل نظرى وممارسات عملية /
_cمحمد شومان
260 _aالقاهرة :
_bدار الكتب العلمية للنشر والتوزيع ،
_c2002
300 _a191 ص ؛
_c24 سم
650 0 4 _aالاعلام
650 0 4 _aادارة الازمات
650 0 4 _aالاشاعات
650 0 4 _aالازمات
942 _2ddc
_cBK
999 _c5646
_d5646